000 00278nam a22001097a 4500
008 160519b xxu||||| |||| 00| 0 eng d
020 _a0683062123
041 _aeng
080 _a61
245 _aIntroduction to clinical medicine:
_cJanice L. Willms, Judy Lewis;
942 _2udc
_cBK
999 _c2264
_d2264